000 00308nam a22001337a 4500
008 170526b xxu||||| |||| 00| 0 eng d
020 _a0669125954
041 _aeng
080 _a62
100 _a27
101 _aIM
245 _aCOLLECTIVE BARGAINING IN AMERICAN INDUSTRY
_cLIPSKY, D.B
942 _2udc
_cBK
999 _c14598
_d14598